000 00623nam a2200241Ia 4500
003 OSt
005 20221007100828.0
006 a|||||r|||| 00| 0
007 ta
008 221006b |||||||| |||| 00| 0 eng d
024 _a5,235
037 _cTextual
040 _aLCO
_cLCO
_beng
041 _2eng
_aeng
082 _aZ1t, K5
100 _aUNITED NATION
245 0 _aThe work of international law commission
260 _aNew
_bYork United Nations
_c1965
300 _a243
650 _aINTERNATIONAL LAW COMMISSION
942 _hZ1t, K5
_cTEXL
999 _c1174798
_d1174798